00774 2200241 4500001002100000005001700021008004100038035002400079082001000103090001700113100002300130245016800153250001100321260006900332300002500401500003300426650001900459850000900478980001500487985000600502986000900508999001500517YOGYA-0209000006848020090227092050.0 ind  0010-020900000068480 a338.1 a338.1bSis P aSISWOPUTRANTO. P.S aPerkembangan karet internasionalbperkembangan perkaretan dunia dan karet Indonesia persetujuan karet alam internasional dan prospek perkaretancP.S. Siswoputranto aCet. 1 aJakartabLembaga Penunjang Pembangunan Nasional (LEPPENAS)c1981 a450 hlmbilusc22 cm aBibliografi : hlm. [449-450] aIndustri karet aBPAD a15-12-2008 a1 aRuni aP000014269